Music Quiz

Random Music or Rock Quiz

Complete the CCR Songs Quiz Stats

 Plays Quiz Updated Apr 12, 2021

Support Sporcle.
Go Orange.
Score 0/16 Timer 02:00
7 Plays Today
Question Answer Wrong Answers
Bad Moon _____ Rising
97.2%
Tonight
0.4%
Out
0.3%
Girl
0.2%
Have You Ever Seen the ____ Rain
93.8%
End
0.3%
Sun
3.5%
War
0.2%
Suzie _____ Q
93.4%
Dear
1.2%
Sunshine
2.4%
Smith
0.9%
I Heard It Through the _____ Grapevine
93.1%
Telephone
1%
Streets
1.3%
Radio
2.6%
_____ Mary Proud
93.1%
Hail
2.7%
Virgin
1.8%
Hairy
0.5%
_____ Son Fortunate
92.9%
My
2.9%
Military
1.2%
Oldest
1.1%
I Put a ____ on You Spell
92.6%
Ring
1.6%
Hold
3.5%
Dress
0.3%
Up Around the ____ Bend
90.6%
Creek
5.5%
USA
1%
North
0.9%
Who'll Stop the _____ Rain
90.2%
War
3.2%
Crying
2.2%
Hurting
2.4%
Lookin' Out My ____ Door Back
83.1%
Side
0.9%
Front
13.1%
Open
1%
_____ on the Corner Down
80.2%
Standing
12.4%
Jack
0.5%
Waiting
4.8%
Run Through the ____ Jungle
69.9%
Water
3.4%
City
5.5%
Bayou
19.2%
Long as I Can See the _____ Light
64.5%
Sun
30.2%
Day
2.8%
Happiness
0.5%
_____ River Green
60%
Moon
12.1%
Mississippi
14%
Whiskey
12%
Traveling ___ Band
53.3%
Man
41.5%
Forever
0.5%
Home
2.8%
Hey _____ Tonight
42.9%
Baby
15.8%
Darlin'
27.5%
Hey
11.8%

You're not logged in!

Compare scores with friends on all Sporcle quizzes.
OR
Log In

From the Vault

Weather Clichés

by mhershfield

It's like my dad always told me, 'enjoy your moment in the lightning.' Now that I think about it, dad was kind of mean.
Remove Ads.
Support Sporcle.
Get the best of Sporcle when you Go Orange. This ad-free experience offers more features, more stats, and more fun while also helping to support Sporcle. Thank you for becoming a member.

Show Comments

Extras

Top Quizzes Today


Score Distribution

Your Account Isn't Verified!

In order to create a playlist on Sporcle, you need to verify the email address you used during registration. Go to your Sporcle Settings to finish the process.

Report this User

Report this user for behavior that violates our Community Guidelines.

Details: